CASE OF SALMONELLA SPP. IN CHICKEN MEAT IN MOUNG RUSSEI MARKET, MOUNG RUSSEI DISTRICT, BATTAMBANG PROVINCE. ករណី SALMONELLA SPP. ក្នុងសាច់មាននៅផ្សារមោងឬស្សី ស្រុកមោឬស្សី ខេត្តបាត់ដំបង (Record no. 21807)

000 -LEADER
fixed length control field 00705nam a22001337a 4500
040 ## - CATALOGING SOURCE
Transcribing agency RUA
082 ## - DEWEY DECIMAL CLASSIFICATION NUMBER
Classification number VEM SOP 2021 B676 Or.
100 ## - MAIN ENTRY--AUTHOR NAME
Personal name SOPHEAK SOPHORTRA. សុភក្តិ សុភ័ត្រ្តា
245 ## - TITLE STATEMENT
Title CASE OF SALMONELLA SPP. IN CHICKEN MEAT IN MOUNG RUSSEI MARKET, MOUNG RUSSEI DISTRICT, BATTAMBANG PROVINCE. ករណី SALMONELLA SPP. ក្នុងសាច់មាននៅផ្សារមោងឬស្សី ស្រុកមោឬស្សី ខេត្តបាត់ដំបង
260 ## - PUBLICATION, DISTRIBUTION, ETC. (IMPRINT)
Place of publication Phnom Penh
Name of publisher RUA
Year of publication 2021
300 ## - PHYSICAL DESCRIPTION
Number of Pages X.46P
Other physical details VIII.
Dimensions 29CM
856 ## - ELECTRONIC LOCATION AND ACCESS
Uniform Resource Identifier https://drive.google.com/file/d/1PtYQjzyXVfF984nfPZbQLiNAKcVMLoRU/view?usp=sharing
942 ## - ADDED ENTRY ELEMENTS (KOHA)
Koha item type VEM
952 ## - LOCATION AND ITEM INFORMATION (KOHA)
Withdrawn status [LOCAL, KOHA] 0
952 ## - LOCATION AND ITEM INFORMATION (KOHA)
Withdrawn status [LOCAL, KOHA] 0
952 ## - LOCATION AND ITEM INFORMATION (KOHA)
Withdrawn status [LOCAL, KOHA] 0
952 ## - LOCATION AND ITEM INFORMATION (KOHA)
Withdrawn status [LOCAL, KOHA] 0
952 ## - LOCATION AND ITEM INFORMATION (KOHA)
Withdrawn status [LOCAL, KOHA] 0
952 ## - LOCATION AND ITEM INFORMATION (KOHA)
Withdrawn status [LOCAL, KOHA] 0
Holdings
Permanent Location Date acquired Koha item type Lost status Shelving location Barcode Current Location Full call number
Library Block B2023-09-01VEM B676a071822Library Block BVEM SOP 2021 B676 Or.
Library Block B2023-09-01VEM B676a72066Library Block BVEM SOP 2021 B676 Or.
Library Block B2023-09-01VEM B676a72516Library Block BVEM SOP 2021 B676 Or.
Library Block B2023-09-01VEM B676a071846Library Block BVEM SOP 2021 B676 Or.
Library Block B2023-09-01VEM B676a071850Library Block BVEM SOP 2021 B676 Or.
Library Block B2023-09-01VEM B676a071873Library Block BVEM SOP 2021 B676 Or.
មជ្ឈមណ្ឌលឯការនៃសាកលវិទ្យាល័យភូមិន្ទកសិកម្មចំការដូង

Powered by Koha